000 00956cam a22002411i 4500
003 SA-RiAUC
005 20250718140437.0
008 250717s1972 ||| g 000 0 ara c
040 _aEG-CaDAJ
_bara
_cSA-RiAUC
_erda
043 _aa-su---
082 0 4 _a953.122
090 _a953.122
_bع ي ا
100 1 _aالعياشي، إبراهيم بن علي،
_d1329-1400 هجري
_eمؤلف.
245 1 0 _aالمدينة بين الماضي والحاضر /
_cإبراهيم بن علي العياشي.
264 1 _a[مكان النشر غير محدد] :
_aإبراهيم بن علي العياشي :
_bالمكتبة العلمية،
_c1972
300 _a599 صفحة؛
_c24 سم.
336 _aنص
_btxt
_2rdacontent
_3كتاب
337 _aبدون وسيط
_bn
_2rdamedia
338 _aمجلد
_bnc
_2rdacarrier
651 7 _aالمدينة المنورة
_xتاريخ
_2aucsh
942 _2ddc
_cBOOK
_n0
949 _aSA-JeALM
_d250717
_umohamedma123
_n1
999 _c10054
_d10054